<?xml version="1.0" encoding="UTF-8"?>
<collection xmlns="http://www.loc.gov/MARC21/slim">
 <record>
  <leader>04658nam a22005895i 4500</leader>
  <controlfield tag="001">978-81-322-2062-6</controlfield>
  <controlfield tag="003">DE-He213</controlfield>
  <controlfield tag="005">20210617072727.0</controlfield>
  <controlfield tag="007">cr nn 008mamaa</controlfield>
  <controlfield tag="008">141114s2015    ii |    s    |||| 0|eng d</controlfield>
  <datafield tag="020" ind1=" " ind2=" ">
   <subfield code="a">9788132220626</subfield>
   <subfield code="9">978-81-322-2062-6</subfield>
  </datafield>
  <datafield tag="024" ind1="7" ind2=" ">
   <subfield code="a">10.1007/978-81-322-2062-6</subfield>
   <subfield code="2">doi</subfield>
  </datafield>
  <datafield tag="050" ind1=" " ind2="4">
   <subfield code="a">HC79.E5</subfield>
  </datafield>
  <datafield tag="072" ind1=" " ind2="7">
   <subfield code="a">KCN</subfield>
   <subfield code="2">bicssc</subfield>
  </datafield>
  <datafield tag="072" ind1=" " ind2="7">
   <subfield code="a">BUS069000</subfield>
   <subfield code="2">bisacsh</subfield>
  </datafield>
  <datafield tag="072" ind1=" " ind2="7">
   <subfield code="a">KCVG</subfield>
   <subfield code="2">thema</subfield>
  </datafield>
  <datafield tag="082" ind1="0" ind2="4">
   <subfield code="a">333.7</subfield>
   <subfield code="2">23</subfield>
  </datafield>
  <datafield tag="100" ind1="1" ind2=" ">
   <subfield code="a">Sunderasan, Srinivasan.</subfield>
   <subfield code="e">author.</subfield>
   <subfield code="4">aut</subfield>
   <subfield code="4">http://id.loc.gov/vocabulary/relators/aut</subfield>
  </datafield>
  <datafield tag="245" ind1="1" ind2="0">
   <subfield code="a">Cleaner-Energy Investments</subfield>
   <subfield code="h">[electronic resource] :</subfield>
   <subfield code="b">Cases and Teaching Notes /</subfield>
   <subfield code="c">by Srinivasan Sunderasan.</subfield>
  </datafield>
  <datafield tag="250" ind1=" " ind2=" ">
   <subfield code="a">1st ed. 2015.</subfield>
  </datafield>
  <datafield tag="264" ind1=" " ind2="1">
   <subfield code="a">New Delhi :</subfield>
   <subfield code="b">Springer India :</subfield>
   <subfield code="b">Imprint: Springer,</subfield>
   <subfield code="c">2015.</subfield>
  </datafield>
  <datafield tag="300" ind1=" " ind2=" ">
   <subfield code="a">XIX, 197 p. 41 illus.</subfield>
   <subfield code="b">online resource.</subfield>
  </datafield>
  <datafield tag="336" ind1=" " ind2=" ">
   <subfield code="a">text</subfield>
   <subfield code="b">txt</subfield>
   <subfield code="2">rdacontent</subfield>
  </datafield>
  <datafield tag="337" ind1=" " ind2=" ">
   <subfield code="a">computer</subfield>
   <subfield code="b">c</subfield>
   <subfield code="2">rdamedia</subfield>
  </datafield>
  <datafield tag="338" ind1=" " ind2=" ">
   <subfield code="a">online resource</subfield>
   <subfield code="b">cr</subfield>
   <subfield code="2">rdacarrier</subfield>
  </datafield>
  <datafield tag="347" ind1=" " ind2=" ">
   <subfield code="a">text file</subfield>
   <subfield code="b">PDF</subfield>
   <subfield code="2">rda</subfield>
  </datafield>
  <datafield tag="505" ind1="0" ind2=" ">
   <subfield code="a">Case 1. Solar PV – Thermal Hybrids: Energy in Synergy -- Case 2. The Condit Dam: A Make or Break Decision -- Case 3. Rainmaker in Kuwait: Precipitating a Solution -- Case 4. Amakhala Wind: Turbulence In The Detail? -- Case 5. San Cristobal Wind Power Project: Addressing Petrel and Diesel Conservation -- Case 6. Recogen, Sri Lanka: Thinking Out Of The Shell -- Case 7. Delhi Airport Metro Line: Aborted Takeoff? -- Case 8. Godawari Green: Got-to-worry? -- Case 9. The Tesla Roadster: Running on Empty? -- Case 10. Mount Coffee Hydro: Stimulating A New Generation -- Case 11. Nepal, Ridi Hydro: Common Equity – Uncommon Enthusiasm -- Case 12. Wyke Farms: Sustaining Personality And Profitability -- Case 13. Norfolk Council Energy From Waste Project: Unfavorable Currents -- Case 14. Offshore Wind Turbine Foundations: Staying Afloat In Deep Waters -- Case 15. GoBiGas: Fuelling the Biogas Movement.</subfield>
  </datafield>
  <datafield tag="520" ind1=" " ind2=" ">
   <subfield code="a">This book is a compilation of case studies from different countries and covers contemporary technologies including electric vehicles and solar thermal power plants. The book highlights the real-world situations facing individual projects and highlights the strengths and weaknesses of the underlying business propositions. It also sheds light on the factors that are routinely ignored during project formulation and risk assessment, namely coordination among public and private agencies, confirmed availability of relatively minor but essential components, possibility of concurrent demand for inputs from different project proponents, etc. The book provides a systematic ‘guided tour’ of renewable energy (RE) projects for potential project analysts and includes the development of financial models. It concludes with an evaluation of risk and the design of risk-mitigation measures. It is designed to simultaneously appeal to business school students and to serve as a guide for practicing executives, policy makers and consultants. The cases cover several countries, currencies, policy environments, technologies and resources and will help policy makers, consultants and project analysts and proponents view RE projects in a new light.</subfield>
  </datafield>
  <datafield tag="650" ind1=" " ind2="0">
   <subfield code="a">Environmental economics.</subfield>
  </datafield>
  <datafield tag="650" ind1=" " ind2="0">
   <subfield code="a">Energy policy.</subfield>
  </datafield>
  <datafield tag="650" ind1=" " ind2="0">
   <subfield code="a">Energy and state.</subfield>
  </datafield>
  <datafield tag="650" ind1=" " ind2="0">
   <subfield code="a">Renewable energy resources.</subfield>
  </datafield>
  <datafield tag="650" ind1=" " ind2="0">
   <subfield code="a">Environmental law.</subfield>
  </datafield>
  <datafield tag="650" ind1=" " ind2="0">
   <subfield code="a">Environmental policy.</subfield>
  </datafield>
  <datafield tag="650" ind1=" " ind2="0">
   <subfield code="a">Energy efficiency.</subfield>
  </datafield>
  <datafield tag="650" ind1=" " ind2="0">
   <subfield code="a">Macroeconomics.</subfield>
  </datafield>
  <datafield tag="650" ind1="1" ind2="4">
   <subfield code="a">Environmental Economics.</subfield>
   <subfield code="0">https://scigraph.springernature.com/ontologies/product-market-codes/W48000</subfield>
  </datafield>
  <datafield tag="650" ind1="2" ind2="4">
   <subfield code="a">Energy Policy, Economics and Management.</subfield>
   <subfield code="0">https://scigraph.springernature.com/ontologies/product-market-codes/112000</subfield>
  </datafield>
  <datafield tag="650" ind1="2" ind2="4">
   <subfield code="a">Renewable and Green Energy.</subfield>
   <subfield code="0">https://scigraph.springernature.com/ontologies/product-market-codes/111000</subfield>
  </datafield>
  <datafield tag="650" ind1="2" ind2="4">
   <subfield code="a">Environmental Law/Policy/Ecojustice.</subfield>
   <subfield code="0">https://scigraph.springernature.com/ontologies/product-market-codes/U16002</subfield>
  </datafield>
  <datafield tag="650" ind1="2" ind2="4">
   <subfield code="a">Energy Efficiency.</subfield>
   <subfield code="0">https://scigraph.springernature.com/ontologies/product-market-codes/118000</subfield>
  </datafield>
  <datafield tag="650" ind1="2" ind2="4">
   <subfield code="a">Macroeconomics/Monetary Economics//Financial Economics.</subfield>
   <subfield code="0">https://scigraph.springernature.com/ontologies/product-market-codes/W32000</subfield>
  </datafield>
  <datafield tag="710" ind1="2" ind2=" ">
   <subfield code="a">SpringerLink (Online service)</subfield>
  </datafield>
  <datafield tag="773" ind1="0" ind2=" ">
   <subfield code="t">Springer Nature eBook</subfield>
  </datafield>
  <datafield tag="776" ind1="0" ind2="8">
   <subfield code="i">Printed edition:</subfield>
   <subfield code="z">9788132220633</subfield>
  </datafield>
  <datafield tag="776" ind1="0" ind2="8">
   <subfield code="i">Printed edition:</subfield>
   <subfield code="z">9788132220619</subfield>
  </datafield>
  <datafield tag="776" ind1="0" ind2="8">
   <subfield code="i">Printed edition:</subfield>
   <subfield code="z">9788132229537</subfield>
  </datafield>
  <datafield tag="856" ind1="4" ind2="0">
   <subfield code="u">https://doi.org/10.1007/978-81-322-2062-6</subfield>
  </datafield>
  <datafield tag="912" ind1=" " ind2=" ">
   <subfield code="a">ZDB-2-SBE</subfield>
  </datafield>
  <datafield tag="912" ind1=" " ind2=" ">
   <subfield code="a">ZDB-2-SXEF</subfield>
  </datafield>
  <datafield tag="950" ind1=" " ind2=" ">
   <subfield code="a">Business and Economics (SpringerNature-11643)</subfield>
  </datafield>
  <datafield tag="950" ind1=" " ind2=" ">
   <subfield code="a">Economics and Finance (R0) (SpringerNature-43720)</subfield>
  </datafield>
 </record>
</collection>
